00621nam a2200181Ia 4500952014500000999001700145003000400162005001700166008004100183040001500224082001800239100002300257245006200280260003400342300000900376650001200385942004200397 00102ddc40708LITaMESbMEScENGd2019-02-20g3329.00l2m1o801.95 TYS/Cp39102r2025-02-17 12:59:00s2025-02-13w2019-02-20yBKzGR14R3 c14895d14895OSt20201102094607.0190216s9999||||xx |||||||||||||| ||und|| coclcdoclc a801.95bTYS/C aTyson, Lois 96182 0aCritical Theory Today A User-Friendly Guide /cLois Tyson bRoutledge,c2014.aNew delhi: a470p aEnglish cBK2ddch801.95iTYS/Ck801.95mTYS/C